Leio sozinho (Registo nº 28788)

Detalhes MARC
000 -Etiqueta do registo
Valores 01291cam a2200385 4500
010 ## - Número ISBN
ISBN 9725532597
010 ## - Número ISBN
-- 972-553-260-X
010 ## - Número ISBN
ISBN 9725533453
010 ## - Número ISBN
ISBN 9725533445
021 ## - Número do Depósito Legal
-- PT
Número 130549/98
021 ## - Número do Depósito Legal
-- PT
Número 130550/98
021 ## - Número do Depósito Legal
-- PT
Número 168000/01
021 ## - Número do Depósito Legal
-- PT
Número 168001/01
090 ## -
-- 28788
100 ## - Dados gerais de processamento
Dados gerais 20000329g19999999c y0pory5003 ba
101 1# - Língua de publicação
-- por
-- eng
102 ## - País de publicação
-- PT
105 ## -
-- a z 000yy
106 ## -
-- r
200 1# - Titulo e menção de responsabilidade
Título próprio Leio sozinho
Informação de outro título nível 3
Primeira menção de responsabilidade trad. Maria Isabel Mendonça Soares
210 ## - Publicação
Local de publicação Lisboa
Nome do editor Verbo,
Data de publicação 1999-
215 ## - Descrição física 
Paginação / Volumes v.
Outras indicações físicas muito il.
Dimensões 18 cm
225 2# - Colecção 
Título próprio da colecção Ler é crescer
327 0# - Nota de conteúdo
Texto da nota 1o v. : O Gato das Botas / il. Allan Curless. - 43 p.
-- 2o v. : Os anõezinhos e o sapateiro / il. Andrew Rowland. - 42 p.(2 exs.)
-- 3o v.: A Polegarzinha/ il. Jane Kochnewitz. - 43, [1] p.
-- 5o v.: João e Maria / il. Claire Pound, trad. Ma das Mercês de Mendonça Soares
675 ## - CDU
Notação 087.5
Edição BN
Língua por
702 #1 - Autor secundário (pessoa individual)
Apelido Curless,
Nome Allan
-- 440
702 #1 - Autor secundário (pessoa individual)
Apelido Rowland,
Nome Andrew
-- 440
702 #1 - Autor secundário (pessoa individual)
Apelido Stevenson,
Nome Peter
-- 440
702 #1 - Autor secundário (pessoa individual)
Apelido Pound,
Nome Claire
-- 440
702 #1 - Autor secundário (pessoa individual)
Apelido Soares,
Nome Maria Isabel de Mendonça,
Datas 1922-
-- 730
702 #1 - Autor secundário (pessoa individual)
Apelido Soares,
Nome Maria das Mercês de Mendonça
-- 730
930 ## -
-- BECRE
990 ## - Elementos KOHA
Tipo de documento Livro
995 ## - Localização e informação dos exemplares
-- 18
995 ## - Localização e informação dos exemplares
-- 18
995 ## - Localização e informação dos exemplares
-- 18
995 ## - Localização e informação dos exemplares
-- 18
995 ## - Localização e informação dos exemplares
-- 18
Exemplares
Situação do levantamento Estado Biblioteca de origem Biblioteca de empréstimo Código de barras Cota Permissão de empréstimo Tipo de documento
  Completo Biblioteca da Escola Básica e Secundária Dr Isidoro de Sousa Biblioteca da Escola Básica e Secundária Dr Isidoro de Sousa 3530EV 087.5 CRE Disponível Livro
  Completo Biblioteca da Escola Básica e Secundária Dr Isidoro de Sousa Biblioteca da Escola Básica e Secundária Dr Isidoro de Sousa 3528EV 087.5 CRE Disponível Livro
  Completo Biblioteca da Escola Básica e Secundária Dr Isidoro de Sousa Biblioteca da Escola Básica e Secundária Dr Isidoro de Sousa 3531EV 087.5 CRE Disponível Livro
  Completo Biblioteca da Escola Básica e Secundária Dr Isidoro de Sousa Biblioteca da Escola Básica e Secundária Dr Isidoro de Sousa 3529EV 087.5 CRE Disponível Livro
  Completo Biblioteca da Escola Básica e Secundária Dr Isidoro de Sousa Biblioteca da Escola Básica e Secundária Dr Isidoro de Sousa 4647EV 087.5 Disponível Livro




Powered by Koha